[Event "Bermuda-B"]
[Site "Bermuda"]
[Date "2003.01.25"]
[Round "1"]
[White "Moreno Carnero, Javier"]
[Black "Kallio, Heikki"]
[Result "1-0"]
[WhiteElo "2508"]
[BlackElo "2474"]
[Annotator "Finkel,A"]
[PlyCount "77"]
[EventDate "2003.01.25"]
[EventType "tourn"]
[EventRounds "11"]
[EventCountry "BER"]
[EventCategory "10"]
[SourceTitle "CBM 094"]
[Source "ChessBase"]
[SourceDate "2003.05.26"]
[SourceVersion "1"]
[SourceVersionDate "2003.05.26"]
[SourceQuality "1"]

1. e4 g6 2. d4 Bg7 3. Nf3 d6 4. Be2 c5 5. d5 Nf6 6. Nc3 Na6 7. O-O Nc7 8. a4 a6
9. Bf4 O-O 10. Re1 Bg4 11. h3 {Another alternative is 11.Nd2 keeping the
knight on the board, however it seems that move in the game is more dangerous
for black.} (11. Nd2 Bxe2 12. Qxe2 Re8 (12... Nd7 13. Nc4 b5 14. Na5 b4 15. Nc6
Qe8 16. Nd1 a5 17. Bg5 f6 18. Bd2 e6 $132 {Polugaevsky,L-Velimirovic,D/Palma
de Mallorca 1989}) (12... b5 13. axb5 axb5 14. Nxb5 Nxb5 15. Qxb5 Rb8 16. Qd3
Rxb2 17. Nc4 Rb8 $11 {Babula,V-Haba,P/Zlin 1998}) 13. a5 e6 14. Qd3 exd5 15.
exd5 Nh5 16. Be3 f5 17. Nc4 Qf6 18. Bd2 $14 {Stein,L-Ljubojevic,L/Vrnjacka
Banja 1971}) (11. a5 Nb5 12. h3 Bxf3 13. Bxf3 Nxc3 14. bxc3 Nd7 15. Ra3 Qc7 $13
{Annageldyev,O-Kakageldyev,A/Ashkhabad 1996}) 11... Bxf3 12. Bxf3 Nd7 13. a5 $1
{Very important move preventing black's counterplay on the queenside.} (13. Be2
b6 14. Qd2 Rb8 (14... Re8 15. Bh6 Bh8 16. h4 Rb8 17. h5 Nf6 18. f4 e6 19. hxg6
hxg6 20. dxe6 Rxe6 $132 {Isupov,V-Zakharevich,I/Kazan 1995}) 15. Bh6 b5 16.
Bxg7 Kxg7 17. axb5 axb5 18. b3 b4 19. Nd1 Nf6 $15 {Bobotsov,M-Fuderer,A/Zagreb
1964}) (13. Qd2 Re8 (13... b5 14. Bh6 Ne5 15. Be2 b4 16. Nd1 Bxh6 17. Qxh6 f5
18. exf5 gxf5 19. f4 Ng6 20. Ne3 $16 {Ostenstad,B-Sikora Lerch,J/Trnava 1989})
14. Be2 Rb8 15. Bh6 Bh8 16. a5 b5 17. axb6 Rxb6 18. Ra2 Nb5 $13 {Holzapfel,
D-Tyrtania,M/Germany 1987}) 13... Nb5 (13... b5 $5 14. axb6 Nxb6 15. Qd3 Nb5 $6
16. Nxb5 axb5 17. Rxa8 Qxa8 18. Qxb5 Rb8 19. e5 $1 dxe5 (19... Na4 20. Qe2 $16)
20. Bxe5 Bxe5 21. Rxe5 Qa1+ 22. Kh2 Qc1 23. Qe2 $16) 14. Na4 Qc7 $6 {Serious
inaccuracy after which black is deprived of any counterplay. It was necessary
to play 14...b6 with slightly worse, but playable position.} (14... b6 $5 15.
axb6 Nxb6 16. Nxb6 Qxb6 17. c3 Be5 18. Qd2 Nc7 19. Be3 a5 20. Bd1 Rfb8 21. Re2
$14 {Gausel,E-Daniilidis,A/Thessaloniki 1988}) 15. Bg4 $1 $16 {After this
strong move black has to forget about b6.} Rad8 (15... Ne5 16. Nb6 Rae8 17. c3
$14 {[%csl Rb5]}) 16. c3 Rfe8 17. Bxd7 Rxd7 18. Nb6 Rdd8 19. Qd3 Bf6 ({No
better was} 19... e5 20. dxe6 fxe6 21. Bg5 Rb8 22. Rad1 $16 {and black faces
huge problems.}) 20. Qg3 (20. Rad1 $5) 20... Be5 21. Rad1 Bxf4 22. Qxf4 e5 {
Otherwise white would've just pushed his h-pawn followed by Rd1-h3.} (22... Qb8
23. h4 Nc7 24. Rd3 Na8 25. h5 $18 {[%cal Gd3h3,Gf4h6]}) 23. dxe6 fxe6 24. Rd2 (
24. Rd3 $5 {[%cal Gd3g3]}) 24... Re7 25. Red1 Kg7 26. h4 Rf8 27. Qg4 {[%csl
Re6]} Ree8 $6 {Another inaccuracy leading to loss of d6 pawn.} (27... c4 28.
Qe2 d5 29. exd5 exd5 30. Qf1 Re4 31. Rxd5 Rf7 32. Rd7 Qc6 33. g3 $16) (27... h5
28. Qg5 $16) 28. Nc4 {[%csl Rd6]} d5 $6 {Hoping to complicate the matters a
bit, however white is on guard.} (28... Re7 29. Nxd6 Qxa5 30. Qg5 Qc7 31. e5
Kh8 $16) 29. exd5 Rf4 30. Qe2 $18 {[%cal Ge2e8]} Rxh4 31. g3 Rxc4 (31... Rh5
32. Qe4 $1 (32. d6 Qc6 33. f3 Rd5 $16) 32... Qf7 33. d6 $18) 32. d6 Qxa5 33.
Qxc4 Qb6 34. d7 Rd8 35. Qh4 h5 36. Qe7+ Kh6 37. Re1 Na7 38. Rxe6 Nc6 39. Qf6
1-0

[Event "EU-ch 4th"]
[Site "Istanbul"]
[Date "2003.05.30"]
[Round "1"]
[White "Iordachescu, Viorel"]
[Black "Zvjaginsev, Vadim"]
[Result "1/2-1/2"]
[WhiteElo "2550"]
[BlackElo "2664"]
[Annotator "Finkel,A"]
[PlyCount "64"]
[EventDate "2003.05.30"]
[EventType "swiss"]
[EventRounds "13"]
[EventCountry "TUR"]
[SourceTitle "CBM 096"]
[Source "ChessBase"]
[SourceDate "2003.09.25"]
[SourceVersion "1"]
[SourceVersionDate "2003.09.25"]
[SourceQuality "1"]

1. e4 d6 2. d4 Nf6 3. Nc3 g6 4. Nf3 Bg7 5. Be2 O-O 6. O-O c5 7. d5 {Taking the
transposition into Benoni defense.} Na6 8. Nd2 (8. Bf4) (8. Re1) 8... Nc7 9. a4
a6 10. Re1 Bd7 (10... Rb8 11. a5 Bd7 12. Na4 Nb5 (12... e6 13. dxe6 Nxe6 14.
Nb6 Bc6 15. Bc4 d5 $15 {Safyanovsky,M-Nizamov,I/Tatranska Lomnica 1997}) 13.
Nb6 Nd4 14. Bc4 e6 15. dxe6 Bxe6 16. c3 $16 {Eperjesi,L-Sugar,K/HUN 1992}) 11.
a5 {Permitting black to play b5 seems wrong, however this move gives black
pieces very important square b5.} (11. Nc4 b5 12. Nb6 Rb8 13. Nxd7 Qxd7 14. Bf1
b4 15. Nb1 Rbd8 16. c4 bxc3 17. Nxc3 Rb8 $15 {Nikitin,Y-Tal,M/Alma-Ata 1968/
URS-ch}) (11. f4 $5 b5 12. Bf3 Rb8 13. e5 Nfe8 14. Nb3 $1 {>< c6} bxa4 $6 (
14... b4 $5 15. Ne4 c4 16. Nbd2 Nxd5 17. Nxc4 $13) 15. Nxa4 $14 {Inkiov,
V-Torre,E/Zagreb 1987}) 11... Nb5 12. Ndb1 (12. Ncb1 e6 13. Bc4 exd5 14. exd5
Re8 15. Rxe8+ Qxe8 16. c3 Qe7 $13) 12... e6 13. dxe6 {Interesting plan.White
gives up control over the center in order to attack it later on with all his
pieces.} (13. Bc4) 13... fxe6 14. Bg5 (14. e5 $6 dxe5 $15) 14... h6 15. Bh4 Bc6
16. Bf1 Qe8 17. f3 Qf7 (17... Nxc3 18. Nxc3 Rd8 $13) 18. Nxb5 axb5 19. Nc3 b4
20. Nb5 d5 ({Trading the bishop for the knight would hardly be any better.} 
20... Bxb5 21. Bxb5 d5 22. exd5 Nxd5 23. Qc1 Rac8 $13) 21. exd5 exd5 22. Qd2
Qd7 23. c4 Kh8 (23... Bxb5 24. cxb5 {[%csl Rd5]} Rad8 25. Red1 Qf7 26. a6 bxa6
27. bxa6 $16) 24. Qc2 g5 25. Bg3 g4 (25... dxc4 26. Rad1 b3 27. Qc1 Qf5 28. Nc7
Rxa5 29. Ne6 $36) 26. Qg6 gxf3 27. gxf3 Rg8 (27... Nh7 $1 28. cxd5 Qxd5 {
[%csl Rf3,Rg1]} (28... Bxb5 29. Bxb5 Qxb5 30. Re7 Rg8 31. Be5 $18) 29. Re7 Rg8
$17) 28. Nd6 Raf8 29. Nf5 Nh7 30. Nxg7 Rxg7 31. Qxh6 dxc4 32. Rad1 Qf5 $132
1/2-1/2

[Event "FRA-chT Gp-A"]
[Site "France"]
[Date "2003.02.01"]
[Round "2"]
[White "Komarov, Dimitri"]
[Black "Tirard, Hugo"]
[Result "1-0"]
[WhiteElo "2560"]
[BlackElo "2399"]
[Annotator "Finkel,A"]
[PlyCount "79"]
[EventDate "2003.01.31"]
[EventType "team"]
[EventRounds "7"]
[EventCountry "FRA"]
[SourceTitle "CBM 094"]
[Source "ChessBase"]
[SourceDate "2003.05.26"]
[SourceVersion "1"]
[SourceVersionDate "2003.05.26"]
[SourceQuality "1"]
[WhiteTeam "Drancy"]
[BlackTeam "Noyon"]
[WhiteTeamCountry "FRA"]
[BlackTeamCountry "FRA"]

1. d4 Nf6 2. Nf3 c5 3. d5 b5 4. Bg5 Ne4 5. Bf4 Bb7 6. a4 e6 $2 {This pawn
sacrifice is not justified under the circumstances, so white emerges out of
the opening just with a pawn up with no visible compensation for black.} (6...
Qa5+ 7. Nbd2 (7. c3 f5 8. e3 b4 9. Ne5 g6 10. Nc4 Qd8 11. Be2 Bg7 12. Be5 O-O
13. Bxg7 Kxg7 14. cxb4 cxb4 15. Bf3 $14 {Fominyh,A-Sermek,D/Saint Vincent 2001}
) 7... Bxd5 (7... e6 8. axb5 Qb4 9. Bxb8 Nxd2 10. Nxd2 Rxb8 11. dxe6 fxe6 12.
e4 Bd6 13. Rxa7 O-O $44 {Bohak,J-Kover,W/ICCF Email 2001}) (7... Nxd2 8. Nxd2
Bxd5 9. axb5 Qd8 10. e4 Bb7 11. Bd3 g6 12. Nb3 $14 {Fominyh,A-Medvegy,Z/Cairo
2001}) 8. axb5 Qb6 (8... Qd8 9. Ra4 Nxd2 10. Nxd2 d6 11. e4 Bb7 12. Qa1 $16 {
Hebden,M-Degraeve,J/Clichy 2001}) 9. Nxe4 (9. Ra4 Nxd2 10. Nxd2 c4 11. e4 Qxb5
12. Qa1 Bc6 13. Rxa7 Rxa7 14. Qxa7 $16 {Yrjola,J-Nyysti,S/Helsinki 2000}) 9...
Bxe4 10. Nd2 Bb7 11. e4 d6 12. Nc4 Qd8 13. e5 (13. Bd3 g6 14. O-O Bg7 15. Na5
Bc8 16. Bc4 Be6 17. Bd5 Bxd5 18. Qxd5 Nd7 19. Nc6 $14 {Ortega Hermida,
D-Rodriguez Guerrero,E/La Algaba 2001}) 13... dxe5 14. Qxd8+ Kxd8 15. Nxe5 Ke8
16. Bc4 $16 {Stohl,I-Blodstein,A/Pardubice 1992}) (6... Nf6 7. e4 Nxe4 8. Bxb5
(8. axb5 e6 9. Bc4 Bd6 10. Nbd2 Nxf2 11. Kxf2 Bxf4 12. Nb3 Bc7 13. Qd3 O-O $13
{Chatalbashev,B-Degraeve,J/Ohrid 2001}) 8... Nf6 9. Nc3 g6 10. Be5 a6 11. Bxf6
exf6 12. O-O Bh6 13. Re1+ Kf8 14. Bf1 d6 15. Ne4 $14 {Borovikov,V-Malakhatko,V/
Alushta 2001}) (6... b4 7. Qd3 $1 (7. e3 e6 8. dxe6 fxe6 9. Nbd2 Be7 10. Nxe4
Bxe4 11. Bd3 Bxd3 12. Qxd3 Nc6 13. Rd1 d5 14. Ne5 Nxe5 15. Bxe5 {1/2-1/2
Rotstein,A-Degraeve,J/Germany 2001}) 7... Nf6 8. e4 e6 9. c4 exd5 10. exd5 d6
11. Nbd2 (11. Be2 Be7 12. O-O O-O 13. Nbd2 {1/2-1/2 Relange,E-Bauer,C/
Marseilles 2001}) 11... Be7 12. O-O-O $1 O-O 13. Qc2 Bc8 14. Bd3 $36 {Komarov,
D-Degraeve,J/France 2002}) 7. dxe6 fxe6 8. axb5 Be7 9. Nbd2 O-O 10. e3 Nxd2 (
10... Nf6 11. Nc4 d5 12. Na5 Qb6 13. Nxb7 Qxb7 14. Be2 $16) 11. Qxd2 d6 $6 {
It's understandable that black doesn't want to put the pawn on d5 since it
would've restricted his bishop on b7. However this move, which is absolutely
correct from strategical point of view, runs into very nice combination.} (
11... d5 12. Qa5 (12. c4 $6 Nd7 13. Be2 Nb6 14. b3 Bf6 15. Rc1 Qe7 $14) 12...
Nd7 13. Qxd8 Rfxd8 14. Be2 Bf6 15. c3 $16) 12. Rd1 e5 ({It wasn't too late to
play} 12... d5 $5) 13. Bxe5 $1 {Well calculated tactical blow leading to an
endgame with clearly better chances for white.} dxe5 14. Bc4+ Kh8 15. Qxd8 Bxd8
({White would get winning position also after} 15... Rxd8 16. Rxd8+ Bxd8 17.
Nxe5 {[%csl Ra8,Rb8][%cal Ge5f7]} Ba5+ 18. Ke2 g6 19. Nf7+ Kg7 20. Nd6 Bxg2 21.
Rg1 $18 {and black lightsquared bishop doesn't have a square to retreat over
the diagonal a8-h1.}) 16. Nxe5 Bf6 $8 {Once again black had an alternative to
deviate from variation which occured in the game and once again this
alternative wouldn't have an impact on the evaluation of the arising position:}
(16... Ba5+ 17. Ke2 Bxg2 18. Rhg1 Be4 19. Nf7+ Rxf7 20. Bxf7 a6 21. Bd5 Bxd5
22. Rxd5 axb5 23. Rxc5 Nd7 24. Rxb5 $18 {with winning position.}) 17. Nf7+ Rxf7
18. Bxf7 a6 19. Bd5 Bxd5 20. Rxd5 axb5 21. Ke2 b4 $6 {After this inaccuracy
nothing can save black. An only chance to put up some resistance was} (21...
Be7 $8 22. Rhd1 (22. Re5 Nc6 23. Re6 Rc8 $14) 22... Kg8 23. c3 Kf7 24. f4 Nc6
$16) 22. Rhd1 Na6 (22... Kg8) 23. Ra1 $18 h6 24. Rd6 {Forcing black to trade
the rooks.} Nc7 25. Rxa8+ Nxa8 26. Rc6 Kh7 27. b3 Kg6 (27... Be7 28. Kd3 $18 {
[%csl Ra8][%cal Gd3a6,Ga6b7]}) 28. Kd3 Kf7 29. Kc4 Ke7 30. Kxc5 Kd7 31. Rd6+
Kc7 32. Kd5 Kb7 33. Rd7+ Kb6 34. Kd6 Bc3 35. e4 Bd4 36. f4 Bc5+ 37. Ke6 Nc7+
38. Kf7 Nb5 39. e5 Kc6 40. e6 1-0

[Event "Biel GM"]
[Site "Biel"]
[Date "2003.07.27"]
[Round "6"]
[White "Pelletier, Yannick"]
[Black "Morozevich, Alexander"]
[Result "0-1"]
[WhiteElo "2602"]
[BlackElo "2679"]
[Annotator "Finkel,A"]
[PlyCount "94"]
[EventDate "2003.07.21"]
[EventType "tourn"]
[EventRounds "11"]
[EventCountry "SUI"]
[EventCategory "16"]
[SourceTitle "CBM 097"]
[Source "ChessBase"]
[SourceDate "2003.11.11"]
[SourceVersion "1"]
[SourceVersionDate "2003.11.11"]
[SourceQuality "1"]

1. d4 g6 2. e4 Bg7 3. Nf3 c5 4. d5 d6 5. Be2 (5. Nc3 Nf6 6. Bc4) 5... Nf6 6.
Nc3 O-O 7. O-O Na6 8. Re1 Nc7 9. Nd2 {Extremly solid and unambitious
continuation permitting black to equalize without any problems.} e6 (9... Bd7
10. a4 a6 11. a5 Bb5 12. Nc4 Bxc4 13. Bxc4 Nd7 14. Bg5 b5 15. axb6 Nxb6 16. Bf1
$14 {Gulbrandsen,A-Ennouisseri,M/Dresden 1969}) (9... a6 10. a4 Rb8 11. a5 Bd7
12. Na4 Nb5 13. Nb6 Nd4 14. Bc4 e6 15. dxe6 Bxe6 16. c3 $14 {Eperjesi,L-Sugar,
K/HUN 1992}) 10. Bf3 (10. dxe6 Bxe6 11. Nf3 (11. Nb3 b6 12. Bf3 d5 13. e5 Nfe8
14. Bf4 f6 15. exf6 Bxf6 $13) 11... d5 12. exd5 Ncxd5 13. Nxd5 Bxd5 14. Bg5 h6
15. Bf4 Qb6 $13 {Hakki,I-Al Modiahki,M/Beirut 2000}) 10... Re8 11. a4 exd5 12.
exd5 Rxe1+ 13. Qxe1 Bg4 $1 14. Qd1 (14. Bxg4 $6 Nxg4 15. Nf3 Qd7 (15... Qe8 16.
Bf4 Qxe1+ 17. Rxe1 Bxc3 18. bxc3 Nxd5 19. Bxd6 Nxc3 20. h3 Nf6 21. Bxc5 Nxa4
22. Bd4 $44) 16. h3 Re8 17. Qd1 Ne5 $15) 14... Bxf3 15. Qxf3 Qe7 16. Nf1 {
White has a weak pawn on d5 to take care of so he brings the knight to e3.} Re8
17. Bf4 b6 18. h3 Nh5 19. Bd2 ({Deserved some attention to place the bisop on
h2 keeping d6 under control.} 19. Bh2 $5 {[%csl Gd6]} Bxc3 $140 $6 20. bxc3 (
20. Qxc3 $6 Nxd5 21. Qd2 Qe4 22. Bxd6 Nhf4 $15) 20... Qe2 21. Qxe2 Rxe2 22. c4
$14 {[%csl Rd6]}) 19... f5 20. Re1 Be5 21. Nb5 (21. Ne3 $6 Bxc3 $5 (21... Qh4 {
[%csl Gc4][%cal Gh4e4]} 22. b3 Qf4 23. Qxf4 Nxf4 24. Nc4 Bxc3 25. Rxe8+ Nxe8
26. Bxf4 $14) 22. Bxc3 Qe4 23. Qd1 (23. Qxe4 Rxe4 24. b3 Nf4 25. Bd2 Nfxd5 26.
Nc4 Rxe1+ 27. Bxe1 Ne8 $17) 23... Nf4 24. f3 Qxa4 25. Qd2 Qd7 26. Kh2 Nh5 $15)
21... Nxb5 22. axb5 Nf6 23. Bf4 Ne4 24. c3 Qf7 25. Bxe5 Rxe5 26. c4 $2 {
Blundering a pawn in just one move!} (26. Ne3 Qe7 (26... f4 $6 27. Ng4 Ng5 28.
Qd1 Rxe1+ 29. Qxe1 $14) 27. Ra1 $13) 26... Nd2 $19 {All the rest is a matter
of technique.} 27. Qd1 Rxe1 28. Qxe1 Nxc4 29. b3 Ne5 30. Ne3 Qe7 31. Qa1 Nd3
32. Qd1 Nf4 $1 33. Qd2 (33. Qa1 Ne2+ 34. Kh1 Nd4 $19) 33... Nh5 34. Nc4 Nf6 35.
Qd1 Kf8 36. Qd2 Ke8 37. b4 cxb4 38. Qxb4 Nxd5 39. Qd2 (39. Qxd6 Qxd6 40. Nxd6+
Kd7 41. Nf7 Nc7 $19) 39... Qe6 40. Qd4 Kd7 41. Qg7+ Ne7 42. Qc3 Qd5 43. Qb3 Qc5
44. Qa4 Nc8 45. Ne3 d5 46. Qd1 Kd6 47. Qd3 d4 0-1

[Event "Nagykanizsa 1st"]
[Site "Nagykanizsa"]
[Date "2003.11.06"]
[Round "2"]
[White "Erdos, Viktor"]
[Black "Nevednichy, Vladislav"]
[Result "1-0"]
[WhiteElo "2443"]
[BlackElo "2575"]
[Annotator "Finkel,A"]
[PlyCount "67"]
[EventDate "2003.11.05"]
[EventType "tourn"]
[EventRounds "11"]
[EventCountry "HUN"]
[EventCategory "11"]
[SourceTitle "CBM 099"]
[Source "ChessBase"]
[SourceDate "2004.03.30"]
[SourceVersion "1"]
[SourceVersionDate "2004.03.30"]
[SourceQuality "1"]

1. d4 g6 2. c4 Bg7 3. Nc3 c5 4. d5 d6 5. e4 e6 6. Bd3 Ne7 {In most of the
cases the position of the knight on e7 is just too passive, so I see no point
in developing it anywhere else other than f6!} 7. h4 h6 (7... h5 8. f3 e5 9.
Nh3 Nd7 10. Be3 Ng8 11. g3 Nf8 12. Qc2 (12. Qd2 Bh6 13. Bxh6 Nxh6 14. O-O-O $14
) 12... Bh6 13. Bf2 Bd7 14. Ng1 Nh7 15. a3 Ne7 16. b4 $14 {Gerusel,M-Eising,J/
Voelklingen 1970}) (7... exd5 8. cxd5 h5 9. Bf4 O-O 10. Qd2 a6 11. a4 Re8 12.
Nge2 Qc7 13. Bc4 $14 {Kaidanov,G-Ivanov,A/New York 1990}) (7... a6 8. a4 exd5
9. cxd5 Nd7 10. h5 Ne5 11. Be2 f5 12. Nh3 fxe4 13. Nxe4 Bf5 14. h6 $16 {
Rogers,I-Wohl,A/Birmingham 2002}) 8. Be3 Nd7 9. Nf3 a6 10. Qd2 e5 $6 {Another
dubious move making black's problems even more significant.} (10... exd5 11.
cxd5 (11. exd5 Nf6 $13 {[%cal Gc8f5,Ge7f5]}) 11... b5 12. a4 b4 13. Ne2 f5 14.
exf5 Nxf5 15. Bxf5 gxf5 16. Nf4 Nf6 $132) 11. h5 Nf6 $6 {It was necessary to
play} (11... f5 12. g3 g5 13. exf5 Nf6 14. Qc2 Qd7 15. O-O-O Rb8 $14 {with a
worse, but playable position.}) 12. hxg6 fxg6 13. Nh2 {[%cal Gf2f4]} Bd7 $6 {
Missing the last chance to put up some resistance after} (13... g5 $8) 14. f4
$1 {After this one white's attack is just unstoppable.} Nh5 15. fxe5 Bxe5 16.
Nf3 Bg3+ (16... Bg7 17. e5 dxe5 18. Ne4 Bf5 19. Nxc5 Ng3 20. Bxf5 Nexf5 21. Ne6
$16) 17. Kd1 Bg4 18. Ne2 Bxf3 19. gxf3 Be5 20. Kc2 b5 21. Rag1 Qb6 22. b3 Kd7
23. f4 $18 Bf6 24. f5 a5 25. Rb1 (25. fxg6 a4 26. b4 bxc4 27. Bxc4 Ng7 28. Rb1
$18) 25... b4 26. fxg6 a4 27. Kd1 Ng7 28. Rxh6 Qa6 29. Ng3 Rae8 30. Qe2 axb3
31. axb3 Kc7 32. Bf4 Rxh6 33. Bxh6 Nef5 34. Nxf5 1-0

[Event "Kiev Spring"]
[Site "Kiev"]
[Date "2000.03.26"]
[Round "5"]
[White "Galinsky, Timofey"]
[Black "Baklan, Vladimir"]
[Result "1/2-1/2"]
[WhiteElo "2424"]
[BlackElo "2571"]
[Annotator "Finkel,A"]
[PlyCount "86"]
[EventDate "2000.03.22"]
[EventType "tourn"]
[EventRounds "11"]
[EventCountry "UKR"]
[EventCategory "11"]
[SourceTitle "CBM 077"]
[Source "ChessBase"]
[SourceDate "2000.07.27"]
[SourceVersion "1"]
[SourceVersionDate "2000.07.27"]
[SourceQuality "1"]

1. d4 Nf6 2. Nf3 c5 3. d5 b5 4. Bg5 d6 5. e4 (5. Bxf6 exf6 (5... gxf6 6. e4 a6
7. a4 b4 8. Nh4 Rg8 9. Nd2 Rg4 10. Nf5 Bxf5 11. exf5 $14 {Komljenovic,
D-Samaritani,F/Salsomaggiore op 1997}) 6. e4 a6 7. a4 b4 8. Nbd2 (8. Bd3 g6 9.
O-O Bg7 10. Nbd2 O-O 11. a5 f5 12. exf5 Bxb2 13. Rb1 Bg7 14. Nc4 Nd7 $15 {
Bogdanovski,V-Vaisser,A/EU-chTM 1997}) 8... g6 9. Bd3 Bg7 10. Nc4 a5 11. O-O
O-O 12. Nfd2 Bb7 13. Qf3 {1/2-1/2 Garcia Ilundain,D-Matamoros Franco,C/Las
Palmas op 1993}) 5... a6 6. Nbd2 (6. a4 Nxe4 7. axb5 Nxg5 8. Nxg5 h6 9. Ne4 g6
10. bxa6 Bg7 11. Bb5+ Nd7 12. c3 O-O $44 {Rakic,T-Kosanovic,D/JUG-chT 1993})
6... g6 7. c3 Bg7 8. a4 bxa4 {This move looks more logical than} (8... b4 9.
cxb4 cxb4 10. a5 O-O 11. Be2 Nbd7 12. Nd4 Bb7 13. Be3 $14 {and white has clear
advantage; Veingold,A-San Segundo,P/Zaragoza op-A 1995}) 9. Qxa4+ Nbd7 10. Bd3
O-O 11. O-O h6 12. Bh4 Nh5 $5 {Deciding to take the bishop.} 13. Rfe1 (13. Nc4
g5 14. Bg3 Nxg3 15. hxg3 Nf6 16. Na5 e6 17. Nc6 Qd7 $132) 13... g5 14. Bg3 Nxg3
15. hxg3 a5 (15... g4 16. Nh4 Ne5 17. Be2 e6 18. Nc4 exd5 19. exd5 Nxc4 20.
Qxc4 Qg5 $13) 16. Nc4 Nb6 17. Qc2 Nxc4 18. Bxc4 $14 {White has slightly better
chanses,but black finds very strong plan to create counterplay.} Rb8 $5 19. Ra3
Bd7 20. b3 $5 (20. Rea1 a4 21. b3 axb3 22. Bxb3 Qc7 23. Ba4 Ra8 24. Bxd7 Rxa3
25. Rxa3 Qxd7 $132 {[%cal Gf7f5,Gg5g4]}) 20... Ra8 21. Rea1 f5 $1 22. exf5 Bxf5
23. Bd3 e6 $1 24. Rd1 $1 (24. Bxf5 $6 exf5 25. Re1 Qf6 26. Re6 Qxc3 27. Qxc3
Bxc3 28. Rxd6 Rad8 $1 $15) 24... Qf6 $1 $132 25. dxe6 Bxe6 ({Worse is} 25...
Qxe6 26. Bxf5 Rxf5 27. Rxd6 $1 (27. c4) 27... Qxd6 28. Qxf5 Bxc3 29. Qe4 $1 Qa6
$8 30. Qd5+ $14 {and white is better.}) 26. Bh7+ Kh8 27. Rxd6 Qe7 28. Rd1 c4 $1
$132 {[%csl Ra3]} 29. b4 axb4 30. Rxa8 Rxa8 31. cxb4 Qxb4 32. Qe4 {Black has a
pair of bishops and a passed pawn,but exposed position of the king doesn't
give him the possibility to convert this advaentage into something more
significient.} (32. Bf5 Bxf5 33. Qxf5 Qc3 34. Kh2 $5 (34. Nxg5 hxg5 35. Qh3+
Kg8 36. Qe6+ Kh8 (36... Kf8 37. Qd6+ Kg8 38. Qd5+ $18) 37. Qh3+ $11)) 32... Ra1
$8 33. Rxa1 Bxa1 34. Bg6 (34. Qxe6 Kxh7 35. Qf5+ Kg7 36. Qd7+ $11) 34... Bg8
35. Qa8 {[%cal Gg6f7]} Bg7 $1 36. Bc2 (36. Bf7 $6 Qf8 (36... Bf8) 37. Qxf8 Bxf8
38. Bxg8 Kxg8 39. Kf1 c3 40. Ke2 g4 $15) 36... c3 37. Qe8 Qf8 38. Qg6 Bf6 39.
Qe4 Qg7 40. Kf1 Qc7 41. Qg6 Qg7 42. Qe4 Bf7 43. Nh2 h5 1/2-1/2

[Event "Chalapathi GM"]
[Site "Guntur"]
[Date "2000.04.12"]
[Round "10"]
[White "Ibragimov, Ildar"]
[Black "Saravanan, Venkat"]
[Result "1-0"]
[WhiteElo "2611"]
[BlackElo "2412"]
[Annotator "Finkel,A"]
[PlyCount "77"]
[EventDate "2000.04.03"]
[EventType "tourn"]
[EventRounds "13"]
[EventCountry "IND"]
[EventCategory "10"]
[SourceTitle "CBM 077"]
[Source "ChessBase"]
[SourceDate "2000.07.27"]
[SourceVersion "1"]
[SourceVersionDate "2000.07.27"]
[SourceQuality "1"]

1. d4 g6 2. e4 Bg7 3. c4 c5 4. d5 d6 5. Nc3 e6 6. Nf3 Ne7 $6 {This move occurs
from time to time in tournament practice,but it may hardly be recommended,
because white easily gets very comfortable advantage.} 7. h3 $5 (7. Be2 O-O 8.
O-O a6 9. a4 exd5 10. cxd5 Bg4 11. Bf4 Bxf3 12. Bxf3 Nc8 13. Qd2 $14 {Buturin,
V-Praznik,A/Pardubice op 1995}) 7... O-O 8. Bd3 a6 (8... Nd7 9. O-O h6 (9...
exd5 10. cxd5 h6 $5) 10. dxe6 fxe6 11. Be3 g5 $2 (11... Nc6 $5) (11... e5) 12.
e5 $1 Nxe5 (12... dxe5 13. Bc2 Nf5 14. Qd3 b6 (14... Rf7 15. Bxc5 $16) 15. Rad1
$16) 13. Nxe5 Bxe5 14. Qh5 $36 {Cramling,P-Arencibia,W/Erevan olm 1996}) (8...
e5 9. g4 h6 10. Rg1 a6 11. a4 a5 12. Nh4 $6 Nxd5 $1 13. exd5 Qxh4 14. Ne4 Qe7
15. Be3 Na6 $15 {Garcia Albarracin,F-Aguera Naredo,J/Once op 1993}) (8... Na6
9. O-O Nc7 10. a3 Rb8 11. Bd2 a6 12. b4 exd5 13. cxd5 $14 {Lelchuk,Z-Meskanen,
V/Helsinki op 1992}) 9. a4 $5 exd5 10. exd5 $5 h6 $6 (10... Bf5 11. Bg5 Bxd3 (
11... Bxc3+ 12. bxc3 f6 13. Bf4 Re8 14. O-O Bxd3 15. Qxd3 $14 {[%csl Re6][%cal
Gf1e1,Ge1e6]}) 12. Qxd3 h6 13. Bf4 Re8 14. O-O $14) 11. O-O Bf5 12. Re1 Bxd3
13. Qxd3 Nd7 14. Bf4 Nf6 15. Rab1 $14 {[%cal Gb2b4] White has avantage on both
sides of the board and black doesn't even have a chanse to create counterplay.}
a5 (15... Re8 16. b4 cxb4 17. Rxb4 Qc7 18. Nd4 $16 {[%cal Ge1b1,Ga4a5]}) 16.
Nb5 Nc8 17. Re2 Re8 18. Rbe1 Rxe2 19. Rxe2 Bf8 20. Nd2 Na7 (20... b6 {[%cal
Ga8b8,Gb8b7,Gb7e7]} 21. Ne4 $5 Nxe4 22. Qxe4 Na7 23. Nc3 Bg7 24. Qe7 $16) 21.
Nc3 $1 Qd7 22. Nde4 Ne8 (22... Nxe4 23. Nxe4 Qxa4 24. Bxd6 Bxd6 25. Nxd6 b6 26.
Re7 $18 {[%csl Ra4,Ra7,Ra8,Rf7]}) 23. g4 $16 {Black can hardly move and white
is preparing the decisive breakthrough.} Rd8 24. Kg2 Bg7 25. f3 Kh7 26. b3 b6
27. h4 $1 f5 $6 (27... Nc8 28. h5 Ne7 29. Nb5 Nc8 30. Ng3 $16 {[%cal Gh5g6,
Ge2e6]}) 28. Ng3 fxg4 29. h5 gxf3+ 30. Kxf3 Kh8 31. hxg6 $18 {[%csl Rh6,Rh8]}
Nc7 32. Rh2 Rf8 33. Nce2 $1 {[%cal Gf3g2]} Nc8 34. Kg2 Kg8 35. Bxh6 Ne8 36.
Bxg7 Nxg7 37. Qe3 Nf5 38. Nxf5 Qxf5 39. Rh8+ $1 1-0